00366nam a2200133 a 450000500170000000800410001702000180005805000180007624500600009426000270015430000160018144000190019765000160021620140412111320.0001116s19uu xx 00 eng d a0-7214-1696-9 aERbPr93 1994 aPrincess and the frog (The) /cillustrated by Sue King. aUK :bLadybird,c1994. a1 v. (unp.) aFavorite tales aFairy tales